00698nam a2200157 a 4500008004100000050001500041100002100056245006500077246006600142260004300208300002300251350000900274995010900283999001700392952013100409120416s1958 ||||||||||||||||| || u aBF 721 Inh aInhelder, Barbel14aThe growth of logical thinking from childhood to adolescence aan essay on the construction of formal operational structures aLondonbRoutledge and Kegan Paulc1958 axxvi, 356p. : ill. a0.00 D0.00FCBU-MAIN LIBRARY (Kitwe)H1I0.00M1UAVAILABLEWMay 16, 2006ZMain Library Open Access Collection c45029d45029 00102lcc4070a001b001cMain Library Open Access Collectiond2022-11-30l0oBF 721 Inhp000627r2022-11-30w2022-11-30y002